000 005210000a22001810004500
041 0 _aSPA
082 0 4 _aG 266.38 B236p
100 1 _aBarbieri, Sante Uberto
245 1 0 _aEl país de El Dorado / Sante Uberto Baribieri; Adam F. Sosa, Traductor
260 _aBuenos Aires, Argentina : La Aurora
300 _a129 Pag
500 _aTitulo original : Land of El Dorado
001 10715
942 _cBK
999 _c40178
_d40178
336 _atexto
_btxt
_2rdacontent
337 _2rdamedia
_asin mediación
_bn
338 _2rdacarrier
_avolumen
_bnc